| 000 | 00638nam a2200205 a 4500 | ||
|---|---|---|---|
| 005 | 20240911063700.0 | ||
| 008 | 121105s2010 mx r 000 0 spa d | ||
| 020 | _a9789709544626 | ||
| 035 | _aUPN01000188177 | ||
| 049 | _aCG | ||
| 050 | 4 |
_aHV6773.15 C9.2 _bV4.2 |
|
| 100 | 1 |
_aVelázquez Reyes, Luz María _932859 |
|
| 245 | 1 | 0 |
_aAdolescentes en tiempos de oscuridad : _bviolencia social online en estudiantes de secundaria / _cLuz María Velázquez Reyes. |
| 260 |
_aToluca : _bE.Ikon Digital, _c2010. |
||
| 300 | _a169 p. | ||
| 440 | 0 | _aANEFH | |
| 650 | 2 |
_aIntimidación en línea _921417 |
|
| 905 | _aLibro | ||
| 999 |
_c160280 _d160280 |
||